01041cam a22002531 4500001001300000003000400013005001700017008004100034010001700075035001900092040004800111042001200159050002000171110002800191245017300219260004300392300003700435490002600472500008900498504007200587610004100659610003800700810004900738war23000008 DLC20260227112812.0790529s1922 dcua b f000 0 eng c awar23000008  a(OCoLC)5011895 aU.S. Army War Coll. Libr.cMdANdOCoLCdDLC apremarc00aUG573b.A5 19222 aArmy War College (U.S.)14aThe Signal Corps and Air Service.bA study of their expansion in the United States, 1917-1918 ...cPrepared in the Historical Section, the Army War College, July, 1922. aWashington,bGovt. Print. Off.,c1922. aviii, 128 p.bfold. tab.c24 cm.1 aIts Monographvno. 16 aOn verso of t.-p.: War Department. Document no. 1109. The Adjutant General's Office. a"Statement of works, documents, and persons consulted": p. 126-128.10aUnited States.bArmy.bSignal Corps.10aUnited States.bArmy.bAir Corps.2 aArmy War College (U.S.).tMonographvno. 16.